[Event "Regionalliga NW 1415"]
[Site "Bayern"]
[Date "2015.03.15"]
[Round "8.4"]
[White "Weigand, Hans Christian"]
[Black "Dommermuth, Horst"]
[Result "1-0"]
[WhiteElo "2039"]
[BlackElo "1828"]
[PlyCount "65"]
[EventDate "2014.10.19"]
[EventType "team-tourn"]
[EventRounds "9"]
[EventCountry "GER"]
[SourceTitle "EXT 2018"]
[Source "ChessBase"]
[SourceDate "2017.10.13"]
[SourceVersion "1"]
[SourceVersionDate "2017.10.13"]
[SourceQuality "1"]
[WhiteTeam "Kronach"]
[BlackTeam "Aschaffenburg Schweinheim"]
[WhiteTeamCountry "GER"]
[BlackTeamCountry "GER"]

1. c4 c5 2. Nc3 Nf6 3. g3 d6 4. Bg2 g6 5. e3 Bg7 6. Nge2 0-0 7. d4 Nbd7 8. 0-0 Rb8 9. b3 a6 10. a4 b6 11. Bb2 Bb7 12. d5 Ne8 13. Qd2 Bc8 14. f4 Nc7 15. Rfb1 Re8 16. Ne4 Nf6 17. Nxf6+ exf6 18. e4 b5 19. Bc3 b4 20. Bb2 Re7 21. Rf1 Bg4 22. Rae1 Qd7 23. f5 Bxe2 24. Qxe2 g5 25. h4 h6 26. hxg5 hxg5 27. Kf2 Qd8 28. Rh1 Ne8 29. Qh5 a5 30. Qh7+ Kf8 31. Qh8+ Bxh8 32. Rxh8+ Kg7 33. Reh1 1-0

[Event "Regionalliga NW 1112"]
[Site "Bayern"]
[Date "2012.02.26"]
[Round "7.5"]
[White "Weigand, Hans Christian"]
[Black "Kinkelin, Ulrich"]
[Result "1-0"]
[WhiteElo "2014"]
[BlackElo "1970"]
[PlyCount "76"]
[EventDate "2011.10.02"]
[EventType "team-tourn"]
[EventRounds "9"]
[EventCountry "GER"]
[SourceTitle "EXT 2015"]
[Source "ChessBase"]
[SourceDate "2014.11.20"]
[SourceVersion "1"]
[SourceVersionDate "2014.11.20"]
[SourceQuality "1"]
[WhiteTeam "Kronach"]
[BlackTeam "Wuerzburg II"]
[WhiteTeamCountry "GER"]
[BlackTeamCountry "GER"]

1. c4 d6 2. Nc3 g6 3. g3 Bg7 4. Bg2 e5 5. e3 Ne7 6. Nge2 0-0 7. d4 c6 8. 0-0 Na6 9. a3 Nc7 10. b4 Be6 11. d5 cxd5 12. cxd5 Bg4 13. f3 Bd7 14. e4 Nb5 15. Be3 f5 16. Qd3 a6 17. a4 Nxc3 18. Nxc3 Rc8 19. Rfc1 f4 20. Bf2 h5 21. gxf4 Rxf4 22. Ne2 Rf7 23. Be3 Rxc1+ 24. Nxc1 Nf5 25. Bf2 Nh4 26. Ne2 Qg5 27. Bxh4 Qxh4 28. b5 axb5 29. axb5 Bh3 30. Bxh3 Qxh3 31. Rf1 g5 32. Ng3 Rf4 33. Qe2 h4 34. Nf5 g4 35. fxg4 Rxg4+ 36. Kh1 Rf4 37. Rxf4 exf4 38. Qg2 Qxg2+ 1-0

[Event "Regionalliga NW 1011"]
[Site "Bayern"]
[Date "2011.02.06"]
[Round "6.3"]
[White "Kannenberg, Karl Heinz"]
[Black "Weigand, Hans Christian"]
[Result "1/2-1/2"]
[WhiteElo "2138"]
[BlackElo "2009"]
[PlyCount "88"]
[EventDate "2010.10.10"]
[EventType "team-tourn"]
[EventRounds "9"]
[EventCountry "GER"]
[SourceTitle "EXT 2012"]
[Source "ChessBase"]
[SourceDate "2011.11.24"]
[SourceVersion "1"]
[SourceVersionDate "2011.11.24"]
[SourceQuality "1"]
[WhiteTeam "Kitzingen"]
[BlackTeam "Kronach"]
[WhiteTeamCountry "GER"]
[BlackTeamCountry "GER"]

1. d4 d5 2. Nf3 Nf6 3. e3 c6 4. Nbd2 Bf5 5. Nh4 Bg6 6. Nxg6 hxg6 7. Bd3 e6 8. c3 Bd6 9. h3 Nbd7 10. e4 dxe4 11. Nxe4 Nxe4 12. Bxe4 Nf6 13. Bf3 Qc7 14. Bd2 0-0-0 15. Qa4 Kb8 16. 0-0-0 Nd5 17. g3 Nb6 18. Qb3 c5 19. Be3 c4 20. Qc2 Nd5 21. Bg5 Rde8 22. Bg2 Rh5 23. Bd2 Qa5 24. Bf3 Rhh8 25. Kb1 Rc8 26. Bxd5 Qxd5 27. h4 Rc6 28. Qc1 Rb6 29. Bf4 Qf5+ 30. Ka1 Bxf4 31. gxf4 Rb5 32. Qe3 Qc2 33. Rd2 Qa4 34. d5 Rxd5 35. Rxd5 exd5 36. Qe5+ Kc8 37. Qxg7 Qe8 38. a3 Rh5 39. Rd1 a6 40. Ka2 Rf5 41. Qd4 Qe4 42. Qc5+ Kb8 43. Qf8+ Ka7 44. Qc5+ Kb8 1/2-1/2

[Event "Regionalliga NW 1011"]
[Site "Bayern"]
[Date "2011.01.16"]
[Round "5.4"]
[White "Urytskyy, Michael"]
[Black "Weigand, Hans Christian"]
[Result "0-1"]
[WhiteElo "2028"]
[BlackElo "2009"]
[PlyCount "66"]
[EventDate "2010.10.10"]
[EventType "team-tourn"]
[EventRounds "9"]
[EventCountry "GER"]
[SourceTitle "EXT 2012"]
[Source "ChessBase"]
[SourceDate "2011.11.24"]
[SourceVersion "1"]
[SourceVersionDate "2011.11.24"]
[SourceQuality "1"]
[WhiteTeam "Hof PTSV"]
[BlackTeam "Kronach"]
[WhiteTeamCountry "GER"]
[BlackTeamCountry "GER"]

1. e4 e6 2. c4 d5 3. cxd5 exd5 4. exd5 Nf6 5. d4 Nxd5 6. Nf3 Be7 7. Nc3 0-0 8. Bc4 Nb6 9. Bb3 Nc6 10. d5 Na5 11. Bc2 Bf6 12. 0-0 Nac4 13. Re1 g6 14. Ne4 Bg7 15. Bg5 f6 16. Bh4 Nxd5 17. Bb3 Ncb6 18. Nc5 c6 19. Nd4 Re8 20. a4 a5 21. Qd2 Rxe1+ 22. Rxe1 Qd6 23. Nce6 Bxe6 24. Rxe6 Qb4 25. Qxb4 axb4 26. Re1 Nxa4 27. Bxd5+ cxd5 28. b3 Nc5 29. g4 Kf7 30. Rc1 Bf8 31. f3 Ra2 32. Be1 Nd3 33. Rc7+ Be7 0-1

[Event "Regionalliga NW 1011"]
[Site "Bayern"]
[Date "2010.11.14"]
[Round "3.4"]
[White "Sappok, Johann"]
[Black "Weigand, Hans Christian"]
[Result "0-1"]
[WhiteElo "1867"]
[BlackElo "2009"]
[PlyCount "202"]
[EventDate "2010.10.10"]
[EventType "team-tourn"]
[EventRounds "9"]
[EventCountry "GER"]
[SourceTitle "EXT 2012"]
[Source "ChessBase"]
[SourceDate "2011.11.24"]
[SourceVersion "1"]
[SourceVersionDate "2011.11.24"]
[SourceQuality "1"]
[WhiteTeam "Bamberg II"]
[BlackTeam "Kronach"]
[WhiteTeamCountry "GER"]
[BlackTeamCountry "GER"]

1. e4 e6 2. d4 d5 3. exd5 exd5 4. Bd3 Nf6 5. Bg5 Be6 6. Nd2 Nbd7 7. Ne2 Bd6 8. f4 h6 9. Bh4 Bg4 10. h3 Bxe2 11. Qxe2+ Qe7 12. Qxe7+ Kxe7 13. 0-0 Rhe8 14. Nf3 Bxf4 15. Ne5 Be3+ 16. Bf2 Bxf2+ 17. Rxf2 Nxe5 18. dxe5 Nd7 19. Re1 Nc5 20. Bf5 Rad8 21. b4 Ne6 22. Ref1 Rf8 23. Rd2 c6 24. Rfd1 g6 25. Bg4 h5 26. Be2 Nc7 27. g4 hxg4 28. Bxg4 Nb5 29. Rd3 Nc7 30. a4 a6 31. Rf1 Ne6 32. Rdf3 Ng5 33. Rf4 Rh8 34. Kg2 Rh7 35. b5 Ne6 36. Rf6 cxb5 37. axb5 Rc8 38. R1f2 axb5 39. Bxe6 fxe6 40. Rxg6 Rf7 41. Re2 Rc4 42. Rg8 Kd7 43. Rb8 Kc7 44. Re8 Rc6 45. Kg3 Rc3+ 46. Kg2 Rg7+ 47. Kf2 Rg6 48. Re7+ Kc6 49. Rh7 Kc5 50. Ke1 Rcg3 51. Kd2 b4 52. Rc7+ Kd4 53. Rxb7 Rxh3 54. Rxb4+ Kc5 55. Rb8 Rhg3 56. Rc8+ Kb5 57. Rb8+ Kc6 58. Rd8 R3g4 59. Rd6+ Kc5 60. c3 Ra4 61. Kc1 Kc4 62. Rc6+ Kd3 63. Rd2+ Ke4 64. Re2+ Kf3 65. Rd2 Rag4 66. Kc2 Ke4 67. Re2+ Kf5 68. Kd3 Rf4 69. Rb6 Rg3+ 70. Kd2 Rgg4 71. Rh2 Kxe5 72. Rh6 Rf6 73. Rh5+ Ke4 74. Rb4+ Kf3 75. Rh3+ Rg3 76. Rxg3+ Kxg3 77. Ke3 Rf1 78. Rb8 Re1+ 79. Kd4 Re4+ 80. Kd3 Kf4 81. Rf8+ Ke5 82. Rh8 Rf4 83. Rh5+ Rf5 84. Rh8 Rg5 85. Re8 Rg3+ 86. Kd2 Kf5 87. Rf8+ Ke4 88. Ra8 Rg2+ 89. Kd1 Kd3 90. Ke1 Kxc3 91. Re8 Rg6 92. Ke2 Kd4 93. Rh8 e5 94. Rh4+ e4 95. Rh8 Rg2+ 96. Kf1 Rb2 97. Ke1 Kd3 98. Rd8 d4 99. Ra8 Ke3 100. Ra3+ d3 101. Ra1 Rh2 0-1

[Event "Regionalliga NW 0910"]
[Site "Bayern"]
[Date "2010.01.24"]
[Round "5.1"]
[White "Arens, Johannes"]
[Black "Weigand, Hans Christian"]
[Result "1/2-1/2"]
[WhiteElo "2060"]
[BlackElo "2009"]
[PlyCount "132"]
[EventDate "2009.10.18"]
[EventType "team-tourn"]
[EventRounds "9"]
[EventCountry "GER"]
[SourceTitle "EXT 2011"]
[Source "ChessBase"]
[SourceDate "2010.11.26"]
[SourceVersion "1"]
[SourceVersionDate "2010.11.26"]
[SourceQuality "1"]
[WhiteTeam "Prichsenstadt"]
[BlackTeam "Kronach"]
[WhiteTeamCountry "GER"]
[BlackTeamCountry "GER"]

1. d4 d5 2. c4 c6 3. Nf3 Nf6 4. Nc3 dxc4 5. a4 Bf5 6. e3 e6 7. Bxc4 Nbd7 8. 0-0 Bd6 9. Qe2 Ne4 10. Nd2 Nxd2 11. Bxd2 e5 12. e4 Bg6 13. dxe5 Nxe5 14. Bb3 0-0 15. Rad1 Qb6 16. Ba2 Bc5 17. Kh1 h5 18. h3 Rad8 19. Bf4 Rxd1 20. Rxd1 Re8 21. Bxe5 Rxe5 22. f4 Re7 23. f5 Bxf5 24. Bxf7+ Kxf7 25. Qxh5+ Bg6 26. Rf1+ Bf2 27. Qe2 Kg8 28. Rxf2 Bxe4 29. Qc4+ Bd5 30. Qf4 Rf7 31. Qb8+ Kh7 32. Rxf7 Bxf7 33. Qf4 Kg8 34. Ne4 Qxb2 35. Ng5 Be8 36. Qc4+ Kf8 37. Qc5+ Kg8 38. Qc4+ Kf8 39. Qc5+ Kg8 40. Qe7 Qc1+ 41. Kh2 Qf4+ 42. Kg1 Qd4+ 43. Kh1 Qd7 44. Qe4 Qd1+ 45. Kh2 Qd6+ 46. Kh1 Qg6 47. Qc4+ Bf7 48. Qf4 b5 49. axb5 cxb5 50. Nxf7 Qxf7 51. Qb8+ Kh7 52. Qxb5 g6 53. Qa4 Qf1+ 54. Kh2 Qf2 55. Qd7+ Kh6 56. Qa4 Qe3 57. Qh4+ Kg7 58. Qa4 Qe5+ 59. Kg1 a5 60. Kf2 Qb2+ 61. Ke3 Qc1+ 62. Ke2 Qc3 63. h4 Qe5+ 64. Kf3 Kh6 65. g4 Qc3+ 66. Ke2 Qb2+ 1/2-1/2

[Event "Regionalliga NW 0910"]
[Site "Bayern"]
[Date "2009.10.18"]
[Round "1.1"]
[White "Wunder, Horst"]
[Black "Weigand, Hans Christian"]
[Result "1-0"]
[WhiteElo "2132"]
[BlackElo "2009"]
[PlyCount "117"]
[EventDate "2009.10.18"]
[EventType "team-tourn"]
[EventRounds "9"]
[EventCountry "GER"]
[SourceTitle "EXT 2011"]
[Source "ChessBase"]
[SourceDate "2010.11.26"]
[SourceVersion "1"]
[SourceVersionDate "2010.11.26"]
[SourceQuality "1"]
[WhiteTeam "Nordhalben"]
[BlackTeam "Kronach"]
[WhiteTeamCountry "GER"]
[BlackTeamCountry "GER"]

1. Nf3 d5 2. g3 Nf6 3. Bg2 c6 4. c4 Bf5 5. b3 e6 6. Bb2 Nbd7 7. 0-0 Be7 8. d3 0-0 9. Nbd2 b5 10. Nd4 Qb6 11. cxd5 cxd5 12. Nxf5 exf5 13. Nf3 Rac8 14. Qd2 Rfe8 15. h3 g6 16. Rac1 Nh5 17. e3 Qd6 18. Rxc8 Rxc8 19. Rc1 Rxc1+ 20. Qxc1 Bf6 21. Bxf6 Nhxf6 22. Nd4 a6 23. Qc6 Qxc6 24. Nxc6 Nc5 25. Bf1 Ne6 26. Be2 Kf8 27. Kf1 Nc7 28. Ke1 Ke8 29. Kd2 Kd7 30. Ne5+ Ke6 31. Nf3 h6 32. Kc3 a5 33. a3 Kd6 34. Nd4 Nh7 35. h4 Nf8 36. h5 Nfe6 37. hxg6 fxg6 38. Nf3 g5 39. d4 f4 40. Ne5 fxg3 41. fxg3 Nc5 42. Nf7+ Ke7 43. Nxg5 Nxb3 44. Nf3 a4 45. Kb4 Nc1 46. Bxb5 Na2+ 47. Kc5 Nxb5 48. Kxb5 Nc3+ 49. Kb4 Nd1 50. Kxa4 Nxe3 51. Kb5 Ke6 52. a4 Nc4 53. g4 Nd6+ 54. Kb4 Ne4 55. a5 Kd6 56. Ne5 Ng3 57. Nf7+ Kc6 58. Nxh6 Ne2 59. Nf5 1-0

[Event "Regionalliga NW 0809"]
[Site "Bayern"]
[Date "2009.03.15"]
[Round "8.1"]
[White "Weigand, Hans Christian"]
[Black "Wunder, Horst"]
[Result "1-0"]
[WhiteElo "2001"]
[BlackElo "2134"]
[PlyCount "120"]
[EventDate "2008.10.05"]
[EventType "team-tourn"]
[EventRounds "9"]
[EventCountry "GER"]
[SourceTitle "EXT 2020"]
[Source "ChessBase"]
[SourceDate "2019.10.17"]
[SourceVersion "1"]
[SourceVersionDate "2019.10.17"]
[SourceQuality "1"]
[WhiteTeam "Kronach"]
[BlackTeam "Nordhalben"]
[WhiteTeamCountry "GER"]
[BlackTeamCountry "GER"]

1. c4 b6 2. Nc3 Bb7 3. e4 e6 4. g3 f5 5. d3 Nf6 6. Bg2 Bb4 7. Qc2 fxe4 8. dxe4 0-0 9. Nge2 Ng4 10. 0-0 Bc5 11. Nd1 Nc6 12. h3 Nge5 13. Be3 Qe7 14. Qc3 Rf7 15. f4 Ng6 16. a3 a5 17. Nf2 Ba6 18. Rac1 e5 19. f5 Nf8 20. Kh2 Bxe3 21. Qxe3 d6 22. Ng4 Nd7 23. Rf2 Nf6 24. Nxf6+ gxf6 25. Qd2 Kh8 26. b4 axb4 27. axb4 Bb7 28. b5 Na5 29. Qd3 Rg7 30. Nc3 Nb3 31. Rg1 Nc5 32. Qd2 Ra3 33. g4 Rg5 34. Qc1 Ra5 35. Qd1 Qg7 36. Nd5 Ra3 37. Bf3 Qh6 38. Rg3 Qh4 39. Nxf6 Bxe4 40. Rfg2 Bd3 41. Qc1 Ra5 42. Bd5 Rg7 43. Nh5 Qg5 44. Qxg5 Rxg5 45. h4 Rg8 46. Bxg8 Kxg8 47. Nf6+ Kh8 48. Ne8 Ra7 49. h5 Kg8 50. h6 Kf7 51. g5 Bxf5 52. g6+ Kxe8 53. gxh7 Bxh7 54. Rg8+ Kf7 55. R2g7+ Kf6 56. Rf8+ Ke6 57. Rxh7 Ra2+ 58. Kg1 Ra3 59. Kg2 Ne4 60. Rxc7 Ra2+ 1-0

[Event "Regionalliga NW 0809"]
[Site "Bayern"]
[Date "2009.03.01"]
[Round "7.1"]
[White "Englert, Fabian"]
[Black "Weigand, Hans Christian"]
[Result "1-0"]
[WhiteElo "2174"]
[BlackElo "2001"]
[PlyCount "43"]
[EventDate "2008.10.05"]
[EventType "team-tourn"]
[EventRounds "9"]
[EventCountry "GER"]
[SourceTitle "EXT 2020"]
[Source "ChessBase"]
[SourceDate "2019.10.17"]
[SourceVersion "1"]
[SourceVersionDate "2019.10.17"]
[SourceQuality "1"]
[WhiteTeam "Klingenberg"]
[BlackTeam "Kronach"]
[WhiteTeamCountry "GER"]
[BlackTeamCountry "GER"]

1. Nf3 d5 2. c4 c6 3. g3 dxc4 4. Bg2 Nf6 5. 0-0 g6 6. a4 Bg7 7. Na3 0-0 8. Nxc4 Be6 9. d3 Bxc4 10. dxc4 Qxd1 11. Rxd1 Nbd7 12. a5 Nc5 13. b4 Nb3 14. Rb1 Nxc1 15. Rbxc1 a6 16. Ne5 Rfd8 17. Nxc6 Rxd1+ 18. Rxd1 bxc6 19. Bxc6 Ra7 20. b5 axb5 21. cxb5 Rxa5 22. Rd8+ 1-0

[Event "Regionalliga NW 0809"]
[Site "Bayern"]
[Date "2008.11.30"]
[Round "3.1"]
[White "Droll, Johannes"]
[Black "Weigand, Hans Christian"]
[Result "1-0"]
[WhiteElo "2146"]
[BlackElo "2001"]
[PlyCount "77"]
[EventDate "2008.10.05"]
[EventType "team-tourn"]
[EventRounds "9"]
[EventCountry "GER"]
[SourceTitle "EXT 2020"]
[Source "ChessBase"]
[SourceDate "2019.10.17"]
[SourceVersion "1"]
[SourceVersionDate "2019.10.17"]
[SourceQuality "1"]
[WhiteTeam "Bindlach II"]
[BlackTeam "Kronach"]
[WhiteTeamCountry "GER"]
[BlackTeamCountry "GER"]

1. c4 c6 2. g3 g6 3. Bg2 Bg7 4. Nc3 e5 5. e4 Ne7 6. Nge2 0-0 7. 0-0 d6 8. d4 exd4 9. Nxd4 Qb6 10. Nb3 Rd8 11. Bg5 Qc7 12. Qe2 Be6 13. Rac1 h6 14. Be3 Nd7 15. Nd5 Bxd5 16. cxd5 c5 17. f4 b6 18. Bd4 Re8 19. Bxg7 Kxg7 20. Qf2 Qd8 21. Rce1 Ng8 22. Nd2 b5 23. Nf3 Qc7 24. e5 Rad8 25. e6 fxe6 26. dxe6 Ndf6 27. f5 g5 28. h4 g4 29. Ng5 hxg5 30. hxg5 c4 31. gxf6+ Nxf6 32. Qf4 Qc5+ 33. Rf2 Kh7 34. Bc6 Re7 35. Re3 Rg7 36. e7 Rh8 37. e8Q Nxe8 38. Bxe8 Qd5 39. Bg6+ 1-0

[Event "Regionalliga NW 0809"]
[Site "Bayern"]
[Date "2008.10.26"]
[Round "2.1"]
[White "Weigand, Hans Christian"]
[Black "Schindler, Viktor"]
[Result "1/2-1/2"]
[WhiteElo "2001"]
[BlackElo "2161"]
[PlyCount "22"]
[EventDate "2008.10.05"]
[EventType "team-tourn"]
[EventRounds "9"]
[EventCountry "GER"]
[SourceTitle "EXT 2020"]
[Source "ChessBase"]
[SourceDate "2019.10.17"]
[SourceVersion "1"]
[SourceVersionDate "2019.10.17"]
[SourceQuality "1"]
[WhiteTeam "Kronach"]
[BlackTeam "Hof"]
[WhiteTeamCountry "GER"]
[BlackTeamCountry "GER"]

1. c4 Nf6 2. Nc3 d5 3. cxd5 Nxd5 4. g3 g6 5. Bg2 Nxc3 6. bxc3 Bg7 7. Nf3 0-0 8. 0-0 Nc6 9. Rb1 b6 10. d4 Bf5 11. Rb2 Be4 1/2-1/2

[Event "Oberfranken-ch M 0708"]
[Site "Schney"]
[Date "2008.01.03"]
[Round "3"]
[White "Dietze, Sebastian"]
[Black "Weigand, Hans Christian"]
[Result "1-0"]
[WhiteElo "2178"]
[BlackElo "2095"]
[PlyCount "55"]
[EventDate "2008.01.02"]
[EventType "swiss"]
[EventRounds "7"]
[EventCountry "GER"]
[SourceTitle "CBM 122 Extra"]
[Source "ChessBase"]
[SourceDate "2008.03.04"]
[SourceVersion "1"]
[SourceVersionDate "2008.03.04"]
[SourceQuality "1"]

1. d4 d5 2. c3 Nf6 3. Bg5 g6 4. Nd2 Bg7 5. e3 0-0 6. Bd3 b6 7. Ngf3 c5 8. 0-0 Ba6 9. Bxa6 Nxa6 10. Qe2 Nc7 11. dxc5 bxc5 12. e4 Nxe4 13. Nxe4 dxe4 14. Qxe4 Ne6 15. Be3 Rb8 16. Rfd1 Qc7 17. Rd2 Rfd8 18. Rad1 Rxb2 19. Rxd8+ Nxd8 20. Bf4 Qc8 21. Qxe7 Ne6 22. Be5 Rb7 23. Qd6 Rb6 24. Qd5 Bxe5 25. Nxe5 Qb8 26. Nd7 Nf4 27. Qf3 Qc7 28. Qa8+ 1-0

[Event "Regionalliga NW 0607"]
[Site "Bayern"]
[Date "2007.04.22"]
[Round "9.1"]
[White "Kunz, Konstantin"]
[Black "Weigand, Hans Christian"]
[Result "1-0"]
[WhiteElo "2104"]
[BlackElo "2030"]
[PlyCount "77"]
[EventDate "2006.10.15"]
[EventType "team-tourn"]
[EventRounds "9"]
[EventCountry "GER"]
[SourceTitle "EXT 2008"]
[Source "ChessBase"]
[SourceDate "2007.11.25"]
[SourceVersion "1"]
[SourceVersionDate "2007.11.25"]
[SourceQuality "1"]
[WhiteTeam "Kitzingen"]
[BlackTeam "Kronach"]
[WhiteTeamCountry "GER"]
[BlackTeamCountry "GER"]

1. d4 d5 2. c4 c6 3. e3 Nf6 4. Nf3 Bf5 5. cxd5 Bxb1 6. Rxb1 Qxd5 7. a3 e6 8. g3 Nbd7 9. Bg2 Qb5 10. Qe2 Qxe2+ 11. Kxe2 Bd6 12. b3 0-0 13. Bb2 Rfe8 14. Ne5 Rad8 15. f4 Nd5 16. e4 N5b6 17. a4 Nxe5 18. fxe5 Bb4 19. a5 Na8 20. Ra1 Nc7 21. Rhc1 Rd7 22. Rc4 Be7 23. Ba3 Bxa3 24. Rxa3 Red8 25. Raa4 Kf8 26. Ke3 Ke7 27. Rab4 Nb5 28. d5 exd5 29. exd5 cxd5 30. Rh4 a6 31. Rxh7 Rc7 32. Rxg7 d4+ 33. Kd2 d3 34. Rc4 Rcd7 35. Bh3 Rd5 36. e6 Re5 37. Rxf7+ Ke8 38. Rd7 Re2+ 39. Kxd3 1-0

[Event "Regionalliga NW 0506"]
[Site "Bayern"]
[Date "2006.02.19"]
[Round "7.2"]
[White "Mittag, Ralf"]
[Black "Weigand, Hans Christian"]
[Result "1/2-1/2"]
[WhiteElo "2027"]
[BlackElo "1997"]
[PlyCount "97"]
[EventDate "2005.10.23"]
[EventType "team-tourn"]
[EventRounds "9"]
[EventCountry "GER"]
[SourceTitle "EXT 2007"]
[Source "ChessBase"]
[SourceDate "2006.11.23"]
[SourceVersion "1"]
[SourceVersionDate "2006.11.23"]
[SourceQuality "1"]

1. c4 c6 2. d4 d5 3. Nc3 Nf6 4. Nf3 e6 5. e3 Bd6 6. Bd3 0-0 7. 0-0 Nbd7 8. e4 Nxe4 9. Nxe4 dxe4 10. Bxe4 e5 11. dxe5 Nxe5 12. Nxe5 Bxe5 13. Bxh7+ Kxh7 14. Qh5+ Kg8 15. Qxe5 Re8 16. Qc3 Bg4 17. b3 Re2 18. Be3 Qd6 19. h3 Bf5 20. Rfd1 Qg6 21. Bf4 Rae8 22. g4 Rc2 23. Qg3 Bc8 24. Rd2 Rxd2 25. Bxd2 f5 26. g5 Qe6 27. Re1 Qd7 28. Rxe8+ Qxe8 29. g6 f4 30. Bxf4 Bf5 31. Be3 a6 32. Bd4 Qxg6 33. Qxg6 Bxg6 34. a3 b5 35. c5 a5 36. b4 axb4 37. axb4 Kf7 38. Kg2 Bf5 39. h4 Bc2 40. Kf3 Bd1+ 41. Kf4 Kg6 42. Ke5 Kf7 43. Kf5 Bf3 44. Kf4 Bd1 45. f3 g6 46. Bc3 Be2 47. Ke4 Ke6 48. Kf4 Kf7 49. Ke4 1/2-1/2

[Event "Oberfranken-ch M 0506"]
[Site "Schney"]
[Date "2006.01.02"]
[Round "1"]
[White "Weigand, Hans Christian"]
[Black "Kueffner, Christian"]
[Result "1-0"]
[WhiteElo "2026"]
[BlackElo "1670"]
[PlyCount "53"]
[EventDate "2006.01.02"]
[EventType "swiss"]
[EventRounds "9"]
[EventCountry "GER"]
[SourceTitle "EXT 2015"]
[Source "ChessBase"]
[SourceDate "2014.11.20"]
[SourceVersion "1"]
[SourceVersionDate "2014.11.20"]
[SourceQuality "1"]

1. c4 e6 2. Nc3 Nf6 3. g3 Be7 4. Bg2 0-0 5. e4 e5 6. Nge2 Nc6 7. 0-0 Bc5 8. Na4 d6 9. d3 Bg4 10. Nxc5 dxc5 11. f3 Be6 12. Be3 b6 13. Qd2 Qd7 14. f4 Bh3 15. Bxh3 Qxh3 16. fxe5 Nxe5 17. Rf5 Rfe8 18. Raf1 Rad8 19. Nf4 Qg4 20. Nd5 Nxd5 21. exd5 f6 22. Kg2 c6 23. Bf4 cxd5 24. Bxe5 Rxe5 25. Rxe5 fxe5 26. cxd5 Rxd5 27. Qf2 1-0

[Event "Bad Koenigshofen op"]
[Site "Bad Koenigshofen"]
[Date "2006.??.??"]
[Round "9"]
[White "Schmid, Michael1"]
[Black "Weigand, Hans Christian"]
[Result "1/2-1/2"]
[WhiteElo "2180"]
[BlackElo "2040"]
[PlyCount "43"]
[EventDate "2006.08.04"]
[EventType "swiss"]
[EventRounds "9"]
[EventCountry "GER"]
[SourceTitle "EXT 2008"]
[Source "ChessBase"]
[SourceDate "2007.11.25"]
[SourceVersion "1"]
[SourceVersionDate "2007.11.25"]
[SourceQuality "1"]

1. e4 e6 2. d4 d5 3. Nc3 dxe4 4. Nxe4 Nd7 5. Nf3 Ndf6 6. Nxf6+ Nxf6 7. Bg5 Be7 8. Bc4 0-0 9. Qe2 b6 10. 0-0-0 Bb7 11. Ne5 Nd5 12. Bxe7 Qxe7 13. f3 Rad8 14. Rhe1 c5 15. Qf2 Rc8 16. Kb1 Rfd8 17. h4 a6 18. h5 b5 19. Bd3 c4 20. Be4 c3 21. Nd3 cxb2 22. Bxd5 1/2-1/2

[Event "Regionalliga NW 0506"]
[Site "Bayern"]
[Date "2005.11.13"]
[Round "2.2"]
[White "Weigand, Hans Christian"]
[Black "Chandler, Patrick"]
[Result "1/2-1/2"]
[WhiteElo "2026"]
[BlackElo "2109"]
[PlyCount "74"]
[EventDate "2005.10.23"]
[EventType "team-tourn"]
[EventRounds "9"]
[EventCountry "GER"]
[SourceTitle "EXT 2007"]
[Source "ChessBase"]
[SourceDate "2006.11.23"]
[SourceVersion "1"]
[SourceVersionDate "2006.11.23"]
[SourceQuality "1"]

1. c4 e5 2. Nc3 Nc6 3. g3 Bc5 4. Bg2 Nge7 5. e3 d6 6. Nge2 a5 7. d4 Ba7 8. 0-0 0-0 9. a3 Nf5 10. d5 Nb8 11. Qd3 Na6 12. e4 Ne7 13. Be3 f5 14. Bxa7 Rxa7 15. Qe3 Ra8 16. f4 Ng6 17. Bh3 Nc5 18. Bxf5 Bxf5 19. exf5 Rxf5 20. g4 exf4 21. Nxf4 Qg5 22. Ng2 Qxg4 23. Rxf5 Qxf5 24. Rf1 Qe5 25. Nb5 Qxe3+ 26. Nxe3 Re8 27. Nf5 Na6 28. Nxc7 Nxc7 29. Nxd6 Rb8 30. Rf7 Nxd5 31. cxd5 Rd8 32. Nxb7 Rxd5 33. Rf2 h5 34. Rc2 h4 35. Nc5 Ne5 36. Ne6 Ng4 37. Rc7 Rd1+ 1/2-1/2

[Event "Regionalliga NW 0506"]
[Site "Bayern"]
[Date "2005.10.23"]
[Round "1.2"]
[White "Schlickenrieder, Gerhard"]
[Black "Weigand, Hans Christian"]
[Result "1-0"]
[WhiteElo "2039"]
[BlackElo "2035"]
[PlyCount "121"]
[EventDate "2005.10.23"]
[EventType "team-tourn"]
[EventRounds "9"]
[EventCountry "GER"]
[SourceTitle "EXT 2007"]
[Source "ChessBase"]
[SourceDate "2006.11.23"]
[SourceVersion "1"]
[SourceVersionDate "2006.11.23"]
[SourceQuality "1"]

1. e4 e6 2. d4 d5 3. Nd2 dxe4 4. Nxe4 Nd7 5. Nf3 Ngf6 6. Nxf6+ Nxf6 7. Bd3 b6 8. Ne5 Bd7 9. Qf3 Rc8 10. Nc6 Bxc6 11. Qxc6+ Qd7 12. Bb5 Bd6 13. Bg5 Qxc6 14. Bxc6+ Ke7 15. 0-0 h6 16. Bd2 Rhd8 17. Rfe1 Kf8 18. Rad1 Nd5 19. g3 Ne7 20. Bb7 Rb8 21. Be4 Nd5 22. c4 Ne7 23. Bc3 c6 24. Kg2 b5 25. b3 bxc4 26. bxc4 Bb4 27. Re3 Bxc3 28. Rxc3 Rb4 29. Rdd3 g5 30. h3 Kg7 31. Bf3 Rb7 32. Ra3 Rc7 33. Ra6 c5 34. d5 exd5 35. cxd5 c4 36. d6 cxd3 37. dxc7 Rc8 38. Rxa7 d2 39. Kf1 Nd5 40. Ke2 Nxc7 41. Kxd2 Rd8+ 42. Kc1 Nb5 43. Ra5 Rc8+ 44. Kb2 Nd4 45. Bd1 Rb8+ 46. Bb3 Re8 47. Bc4 Re1 48. Ra7 Ne6 49. a4 Kf6 50. a5 Rd1 51. a6 Rd2+ 52. Kc1 Rd6 53. Kb2 Rd2+ 54. Kc3 Rxf2 55. Rxf7+ Kxf7 56. a7 Rf3+ 57. Kb4 Rxg3 58. a8Q Kf6 59. Qa1+ Kf5 60. Qa5+ Kf6 61. Qb6 1-0